Statistics for Choose the Real Logo

Click here to take the quiz!

General Stats

  • This quiz has been taken 30 times
  • The average score is 8 of 15

Answer Stats

QuestionAnswer% Correct
Which is the real logo?
83%
Which is the real logo?
70%
Which is the real logo?
61%
Which is the real logo?
61%
Which is the real logo?
61%
Which is the real logo?
61%
Which is the real character?
57%
Which is the real logo?
52%
Which is the real character?
48%
Which is the real logo?
48%
Which is the real logo?
48%
Which is the real logo?
48%
Which is the real logo?
43%
Which is the real logo?
35%
Which is the real character?
26%

Score Distribution

Percentile by Number Answered

Percent of People with Each Score

Your Score History

You have not taken this quiz